000 00821cab a2200277 4500
001 ABS60611
008 090401t1999 xxu||||| |||| 00| 0 eng d
035 _a(Sirsi) u99926
041 _aeng
100 _aFordham, P.
245 _aCost update
260 _c1999
350 _a0
490 _aBuilding
_v264(8088) 21 May 1999, 85-87(3)
520 _aQuarterly analysis of materials costs and labour rates focuses on prices for doors and windows across the UK, and the effect of National Insurance changes on wages.
650 _aBUILT ENVIRONMENT-BUILDING COSTS
650 _aDOORS
650 _aLABOUR RATES
650 _aMATERIALS COSTS
650 _aNATIONAL INSURANCE
650 _aWAGES
650 _aWINDOWS
690 _aBUILT ENVIRONMENT-BUILDING COSTS
942 _n0
948 _c02/06/1999
999 _c60013
_d60013